| 000 | 00586nam a2200205Ii 4500 | ||
|---|---|---|---|
| 001 | 13147 | ||
| 003 | CO-ViMGA | ||
| 008 | 241108s9999||||xx |||||||||||||| ||und|| | ||
| 040 |
_aCO-ViMGA _bspa _erda _cCO-ViMGA |
||
| 041 | 0 | _aspa | |
| 082 | 0 | 4 | _a658.315 K15r |
| 100 | 1 |
_aJoe Kelly _948602 |
|
| 245 | 1 | 0 | _aRelaciones humanas en la empresa |
| 264 | 1 | _aBuenos Aires, Argentina : El Ateneo, 1975 | |
| 300 | _avolumen | ||
| 336 |
_atext _btxt _2rdacontent |
||
| 337 |
_aunmediated _bn _2rdamedia |
||
| 338 |
_avolume _bnc _2rdacarrier |
||
| 940 | _aidficha_siabuc: 12851. -- ficha_no_siabuc:13147 | ||
| 999 |
_c43244 _d43244 |
||